00531nam a2200145Ia 4500008004100000020001800041041000800059082002700067100002400094245003000118260004800148300000900196999001900205952016100224230411s9999 xx 000 0 und d a0-521-44466-7 aeng aS/610.73677/SOD/B05968 aSodera Vija9178823 aMinor Surgery in Practice bCambridge University PressaMelbournec1994 a356p c156432d156432 001040708SaBTINbBTINd2010-01-13eBritish Libraryg200.00l0oS 610.73677 SOD B05968pBTIN-BK-5968r2023-04-11 00:00:00v200.00w2010-01-13yBKzB05968